000 01093 a2200277 4500
999 _c11119
_d11119
020 _a9780136006176
020 _a0136006175 (hbk.)
050 0 0 _aQD31.2
_bBRO 2009
100 _aBrown,Theodore L
_eauthor
245 0 0 _aChemistry :
_bthe central science /
_cTheodore L. Brown ,H.Eugene LeMay,Jr,Bruce E.Bursten and Cathrine J.Murphy
250 _aeleventh edition
264 _a Upper Saddle River :
_bPearson Prentice Hall,
_c2009
300 _axxxiii, 1117, [79] pages
_bcoloured illustrations
336 _2rdacontent
_atext
_btxt
337 _2rdamedia
_aunmediated
_bn
338 _2rdacarrier
_avolume
_bnc
500 _aIncludes index.
650 0 _aChemistry
650 0 _aChemistry Problems, exercises, etc
700 1 _aLeMay H.Eugene
_eauthor
700 1 _aMurphy Catherine J.Murphy
_eauthor
700 1 _aBursten Bruce E
_eauthor
856 4 1 _3Table of contents only
_uhttp://www.loc.gov/catdir/toc/ecip082/2007043227.html
942 _2lcc
_cBK
_h31.2
_iBRO
_kQD